Partial regulatory impact assessment of proposals for draft Flooding Bill (Record no. 107887)
[ view plain ]
| 000 -LEADER | |
|---|---|
| fixed length control field | 01279caa a22002535a 4500 |
| 001 - CONTROL NUMBER | |
| control field | E142442 |
| 008 - FIXED-LENGTH DATA ELEMENTS--GENERAL INFORMATION | |
| fixed length control field | 08014 e20080213stk f s000 0 eng d |
| 020 ## - INTERNATIONAL STANDARD BOOK NUMBER | |
| International Standard Book Number | 9780755916436 |
| 035 ## - SYSTEM CONTROL NUMBER | |
| System control number | (Sirsi) u142442 |
| 041 0# - LANGUAGE CODE | |
| Language code of text/sound track or separate title | eng |
| 110 1# - MAIN ENTRY--CORPORATE NAME | |
| Corporate name or jurisdiction name as entry element | Scotland |
| Subordinate unit | Scottish Government |
| 9 (RLIN) | 5344 |
| 245 00 - TITLE STATEMENT | |
| Title | Partial regulatory impact assessment of proposals for draft Flooding Bill |
| Medium | [electronic resource] |
| 260 ## - PUBLICATION, DISTRIBUTION, ETC. | |
| Place of publication, distribution, etc. | Edinburgh |
| Name of publisher, distributor, etc. | Scottish Government |
| Date of publication, distribution, etc. | 2008 |
| 520 ## - SUMMARY, ETC. | |
| Summary, etc. | Assess the cost and benefits for proposals for the draft Flooding Bill. The Bill will transpose the EC Directive on the Assessment and Management of Flood Risk. The Bill will also set out proposals to transfer responsibility for enforcement of the Reservoirs Act 1975 in Scotland from local authorities to a single enforcement authority. |
| 520 ## - SUMMARY, ETC. | |
| Summary, etc. | See also ISBN 9780755956999. |
| 590 ## - LOCAL NOTE (RLIN) | |
| Local note | KA |
| 650 24 - SUBJECT ADDED ENTRY--TOPICAL TERM | |
| Topical term or geographic name entry element | DRAFT FLOODING (SCOTLAND) BILL 2008 |
| 650 24 - SUBJECT ADDED ENTRY--TOPICAL TERM | |
| Topical term or geographic name entry element | RESERVOIRS ACT 1975 |
| 650 24 - SUBJECT ADDED ENTRY--TOPICAL TERM | |
| Topical term or geographic name entry element | FLOOD PREVENTION (SCOTLAND) ACT 1961 |
| 651 #4 - SUBJECT ADDED ENTRY--GEOGRAPHIC NAME | |
| Geographic name | Scotland |
| Chronological subdivision | 1999- |
| 690 ## - LOCAL SUBJECT ADDED ENTRY--TOPICAL TERM (OCLC, RLIN) | |
| Topical term or geographic name as entry element | ENVIRONMENTAL AND LAND CONSULTANCY-WATER RESOURCE MANAGEMENT-FLOODING |
| 856 40 - ELECTRONIC LOCATION AND ACCESS | |
| Uniform Resource Identifier | <a href="https://www.scotland.gov.uk/Publications/2008/02/13095809/0">https://www.scotland.gov.uk/Publications/2008/02/13095809/0</a> |
| Public note | View the consultation free of charge at www.scotland.gov.uk/consultations... |
| 942 ## - ADDED ENTRY ELEMENTS (KOHA) | |
| Suppress in OPAC | 0 |
| Withdrawn status | Lost status | Source of classification or shelving scheme | Damaged status | Not for loan | Home library | Current library | Shelving location | Date acquired | Total Checkouts | Full call number | Barcode | Date last seen | Copy number | Price effective from | Koha item type |
|---|---|---|---|---|---|---|---|---|---|---|---|---|---|---|---|
| Dewey Decimal Classification | Virtual | Virtual | Online | 14/02/2008 | ONLINE PUBLICATION | 142442-2001 | 06/08/2019 | 1 | 06/08/2019 | Book |